00270nam a2200109Ia 4500008004100000041000900041082001700050100001600067245003400083260003500117650000800152230718s9999 xx 000 0 und d aEng. a340.1bHAR-J aHART, H.L.A 0ajusis jundance photosofty and aPakistanboxford passionc1983 aLaw